The Grand Tetons : the story of the men who tamed the western wilderness /

Bibliographic Details
Main Author: Sanborn, Margaret
Format: Book
Language:English
Published: New York : Putnam, [1978]
Subjects:

MARC

Tag First Indicator Second Indicator Subfields
LEADER 00000pam a2200000 i 4500
001 in00000302467
005 20151010092404.0
008 780705s1978 nyuaf b 00110 eng
010 |a  78015287  
020 |a 0399120459 :  |c $10.95 
035 |a (OCoLC)04076661 
035 |9 ABG6831AM 
040 |a DLC  |c DLC  |d TXA  |d UtOrBLW 
043 |a n-us-wy 
049 |a TXAM 
050 0 0 |a F767.T29  |b S26 1978 
082 0 |a 978.7/5 
100 1 |a Sanborn, Margaret. 
245 1 4 |a The Grand Tetons :  |b the story of the men who tamed the western wilderness /  |c by Margaret Sanborn. 
264 1 |a New York :  |b Putnam,  |c [1978] 
264 4 |c ©1978 
300 |a 320 pages, 8 unnumbered leaves of plates :  |b illustrations ;  |c 23 cm. 
336 |a text  |b txt  |2 rdacontent 
337 |a unmediated  |b n  |2 rdamedia 
338 |a volume  |b nc  |2 rdacarrier 
504 |a Includes bibliographical references (pages 292-311) and index. 
536 |a The Al Stonestreet Parks and Recreation Collection. 
650 0 |a Frontier and pioneer life  |z Wyoming  |z Teton Range (Wyo. and Idaho) 
651 0 |a Teton Mountains  |x History. 
999 |a MARS 
999 f f |s ea36c91e-5ee9-3b03-8db7-e5139456b5ed  |i f450f7cd-b336-373a-9cbb-cccde2b22e07  |t 0 
952 f f |p ric  |a Texas A&M University  |b Rellis Campus  |c Joint Library Facility  |d Remote Storage  |t 0  |e F767.T29 S26 1978  |h Library of Congress classification  |i unmediated -- volume  |m A14802315759 
952 f f |p noncirc  |a Texas A&M University  |b College Station  |c Cushing Memorial Library & Archives  |d Cushing: Stonestreet (Does not check out)  |t 0  |e F767.T29 S26 1978  |h Library of Congress classification  |i unmediated -- volume  |m A14821594312 
998 f f |a F767.T29 S26 1978  |t 0  |l Remote Storage 
998 f f |a F767.T29 S26 1978  |t 0  |l Cushing: Stonestreet (Does not check out)